El niño con discapacidad y su entorno /
| Kaituhi matua: | |
|---|---|
| Hōputu: | Pukapuka |
| Reo: | Pāniora |
| I whakaputaina: |
San José, Costa Rica :
EUNED
2007
|
| Putanga: | Reimpresión de 2007 |
| Ngā marau: |
MARC
| LEADER | 00000nam a2200000Ia 4500 | ||
|---|---|---|---|
| 008 | 170301b2007 cr ||||| |||| 00| | spa d | ||
| 999 | |c 799 |d 799 | ||
| 020 | |a 9968311596 | ||
| 090 | |a 06.03.03 |b 1957 | ||
| 100 | 1 | |a Campabadal Castro, Marcela |9 2501 | |
| 245 | 1 | 3 | |a El niño con discapacidad y su entorno / |c Marcela Campabadal Castro |
| 250 | |a Reimpresión de 2007 | ||
| 260 | |a San José, Costa Rica : |b EUNED |c 2007 | ||
| 300 | |a 181 páginas | ||
| 650 | 1 | 4 | |a EDUCACIÓN ESPECIAL |9 817 |
| 650 | 1 | 4 | |a NIÑOS |9 59 |
| 650 | 1 | 4 | |a PERSONAS CON DISCAPACIDAD |9 1369 |
| 942 | |i 002301 |h 06.03.03 1957 |2 z |c 01 | ||
